| 000 | 00347nam a2200145Ia 4500 | ||
|---|---|---|---|
| 008 | 150201s2012 xx 000 0 und d | ||
| 082 |
_a618.92 _bN12K |
||
| 100 | _aKLIEGAM , ROBERT M. | ||
| 245 | _aNELSON TB. OF PEDIATRICS-1 | ||
| 250 | _a19TH | ||
| 260 |
_bELSEVIER _aINDIA _c2012 |
||
| 300 | _a1-1239 | ||
| 650 | _aPEDIATRICS | ||
| 942 |
_2ddc _cBK |
||
| 999 |
_c1452 _d1452 |
||